VÝVOJ REFORMY ŘÍZENÍ VEŘEJNÝCH FINANCÍ V ČESKÉ REPUBLICE

Bibliographic Details
Main Author: Horňáková, Michaela (Author)
Format: Article
Language:Czech
Subjects:

MARC

LEADER 00000naa a2200000 a 4500
001 vtls011854437
003 SK-MaSNL
005 20260302133100.0
008 220810|2011 xo |||||||||||||||||cze|
015 |a SNBCL 
035 |a (urnnbn)urn:nbn:sk:snk:ar-a0ayyr 
035 |a urn:nbn:sk:snk-aaw8nk 
035 |a (uuid)5b44e754-c41a-4375-a94d-c9d3997e2046 
040 |a SNKBUCL  |b slo  |c SNKBUCL  |e AACR2 
041 |a cze 
044 |a xo  |c SK 
100 1 |a Horňáková, Michaela  |4 aut  |9 819212 
245 1 0 |a VÝVOJ REFORMY ŘÍZENÍ VEŘEJNÝCH FINANCÍ V ČESKÉ REPUBLICE  |c Michaela Horňáková 
246 3 |a DEVELOPMENT OF THE PUBLIC FINANCE MANAGEMENT REFORM IN THE CZECH REPUBLIC 
655 7 |a články zo zborníkov  |2 snkbucl  |9 166140 
773 0 |t Financie a riziko  |d Bratislava : Ekonóm, 2011  |g S. 525-531  |z 9788022532785 
954 |a odborná, vedecká literatúra cudzojazyčná (svetová)  |2 lita 
958 |a OND 
958 |a article26 
958 |a chapter 
999 |c 1315321  |d 1317251